[Event "POL-chT 56th"]
[Site "Zakopane"]
[Date "2000.09.06"]
[Round "5"]
[White "Przewoznik, Jan"]
[Black "Zaskalski, Arkadiusz"]
[Result "1-0"]
[WhiteElo "2414"]
[BlackElo "2211"]
[PlyCount "139"]
[EventDate "2000.09.02"]
[EventType "team-tourn"]
[EventRounds "11"]
[EventCountry "POL"]
[SourceTitle "EXT 2019"]
[Source "ChessBase"]
[SourceDate "2018.10.10"]
[SourceVersion "1"]
[SourceVersionDate "2018.10.10"]
[SourceQuality "1"]
[WhiteTeam "Gorzow Wielkopolski Stilon"]
[BlackTeam "Rolnik Roza"]
[WhiteTeamCountry "POL"]
[BlackTeamCountry "POL"]

1. Nf3 c5 2. c4 Nf6 3. Nc3 g6 4. d4 cxd4 5. Nxd4 Nc6 6. e4 d6 7. Be2 Nxd4 8. Qxd4 Bg7 9. Be3 0-0 10. Qd2 Be6 11. f3 Qa5 12. Rc1 Rfc8 13. b3 a6 14. a4 Nd7 15. Nd5 Qxd2+ 16. Kxd2 Bxd5 17. exd5 Nc5 18. Rb1 a5 19. Bd1 Na6 20. g4 Nb4 21. Be2 e6 22. dxe6 fxe6 23. h4 d5 24. h5 Rd8 25. Bg5 dxc4+ 26. Bxd8 Rxd8+ 27. Ke3 c3 28. Rbd1 Bh6+ 29. g5 Bxg5+ 30. f4 Rxd1 31. Bxd1 Nd5+ 32. Kd3 Bxf4 33. hxg6 hxg6 34. Bf3 Bd2 35. Bxd5 exd5 36. Rh4 g5 37. Rd4 Kf7 38. Rxd5 Kf6 39. Rxa5 g4 40. Ra8 Kf5 41. Rf8+ Ke5 42. Rg8 Kf5 43. Rf8+ Ke5 44. b4 g3 45. a5 Kd5 46. Rf5+ Kd6 47. Rf6+ Kd7 48. b5 Be1 49. Rf7+ Kc8 50. Rg7 c2 51. Kxc2 Bxa5 52. Rxg3 Kc7 53. Kd3 Kb6 54. Kc4 Be1 55. Rg6+ Ka7 56. Rf6 Bh4 57. Re6 Bf2 58. Kb4 Bb6 59. Ka4 Bd4 60. Kb4 Bb6 61. Kc4 Bf2 62. Kd5 Bg3 63. Ke4 Bf2 64. Kf5 Bg3 65. Kf6 Bh4+ 66. Kf7 Bf2 67. Ke8 Bd4 68. Kd7 Bb6 69. Kc8 Ba5 70. Rh6 1-0

[Event "Oberliga Nord O 0001"]
[Site "Germany"]
[Date "2000.??.??"]
[Round "?"]
[White "Rosenthal, Dirk"]
[Black "Przewoznik, Jan"]
[Result "0-1"]
[WhiteElo "2370"]
[BlackElo "2410"]
[PlyCount "94"]
[EventDate "2000.10.??"]
[EventType "team"]
[EventRounds "9"]
[EventCountry "GER"]
[SourceTitle "EXT 2004"]
[Source "ChessBase"]
[SourceDate "2003.11.25"]
[SourceVersion "1"]
[SourceVersionDate "2003.11.25"]
[SourceQuality "1"]

1. e4 Nc6 2. d4 e5 3. d5 Nce7 4. c4 Nf6 5. Nc3 Ng6 6. Be3 Bb4 7. f3 Bxc3+ 8. bxc3 d6 9. c5 0-0 10. Bb5 a6 11. Ba4 Nh5 12. Ne2 Qh4+ 13. g3 Qe7 14. cxd6 cxd6 15. 0-0 Bh3 16. Rf2 Rac8 17. Qd2 Bd7 18. Bxd7 Qxd7 19. a4 Rc4 20. a5 Ne7 21. Qd3 Rfc8 22. Rb1 f5 23. Bg5 h6 24. Bxe7 fxe4 25. fxe4 Qxe7 26. Rb4 Qc7 27. Rf1 Qc5+ 28. Kg2 Rxb4 29. cxb4 Qxb4 30. Rb1 Qxa5 31. Rxb7 Rf8 32. Ng1 Qa2+ 33. Ne2 Nf6 34. Kh3 Qa4 35. Nc3 Qe8 36. Rb2 Qc8+ 37. Kg2 Qc5 38. Nd1 a5 39. Nf2 a4 40. Rc2 Qb4 41. Rc4 Qb5 42. Qc3 a3 43. Rc8 a2 44. Rxf8+ Kxf8 45. Qa3 Qb1 46. Qxd6+ Kg8 47. Qe6+ Kh8 0-1

[Event "POL-chT 55th"]
[Site "Suwalki"]
[Date "1999.09.23"]
[Round "6"]
[White "Przewoznik, Jan"]
[Black "Dubiel, Jacek"]
[Result "1/2-1/2"]
[WhiteElo "2405"]
[BlackElo "2364"]
[PlyCount "25"]
[EventDate "1999.09.18"]
[EventType "team-tourn"]
[EventRounds "11"]
[EventCountry "POL"]
[SourceTitle "EXT 2019"]
[Source "ChessBase"]
[SourceDate "2018.10.10"]
[SourceVersion "1"]
[SourceVersionDate "2018.10.10"]
[SourceQuality "1"]
[WhiteTeam "Gorzow Wielkopolski Stilon"]
[BlackTeam "Zabrze Budosak"]
[WhiteTeamCountry "POL"]
[BlackTeamCountry "POL"]

1. Nf3 Nf6 2. c4 e6 3. g3 d5 4. b3 Be7 5. Bg2 c5 6. Bb2 0-0 7. 0-0 Nc6 8. e3 d4 9. exd4 cxd4 10. Re1 Ne8 11. a3 a5 12. d3 f6 13. Nbd2 1/2-1/2